00330nam a2200097Ia 4500008004100000100002500041245007400066260006100140546001200201700001900213220512s9999 xx 000 0 eng d aDongaonkar, Dayanan  0aAccess to Global Universities /cDongaonkar, Dayanan , Negi, Usha Rai aNew Delhi :bAssociation of Indian Universities,cJun-05 aEnglish aNegi, Usha Rai